| 000 | 00771cab a2200217 4500 | ||
|---|---|---|---|
| 001 | ABS40291 | ||
| 008 | 090401t1989 xxu||||| |||| 00| 0 eng d | ||
| 035 | _a(Sirsi) u22865 | ||
| 041 | _aeng | ||
| 245 | _aKent | ||
| 260 | _c1989 | ||
| 350 | _a0 | ||
| 490 |
_aEstates Times _v(979) 27 January 1989, 15-29(12) |
||
| 520 | _aAn Estates Times survey on Kent examines development in Bromley , the Medway Towns , Dartford , Mid Kent , Maidstone , Ashford , Margate , Dover and Folkestone . Also looks at the demands on the transport system posed by development of the Channel Tunnel . | ||
| 650 | _aCANTERBURY | ||
| 650 | _aCHATHAM | ||
| 650 | _aROCHESTER | ||
| 690 | _aPROPERTY-COMMERCIAL PROPERTY-COMMERCIAL PROPERTY MARKET | ||
| 942 | _n0 | ||
| 948 | _c04/03/1997 | ||
| 999 |
_c15329 _d15329 |
||